000
00392nam a22001697a 4500
003
MPLRDC
005
20220104124308.0
008
210129b ||||| |||| 00| 0 eng d
082
_a
805.1 LS
100
_a
罗斯编著
245
_a
妙语连珠
_c
250
_a
重印
260
_a
_b
商务印书馆
_c
1979
300
_b
平
650
_a
英语; 英国语言
942
_c
BK
_o
805.1 LS
999
_c
18196
_d
18186